01532nam a2200397 i 450000100060000000300080000600500170001400600190003100700150005000800410006502000270010603500230013303500240015603500250018003500220020504000310022705000220025808000160028008200170029610000370031324501030035026400530045330000400050633600310054633700330057733800430061058801240065359001640077765000320094165000170097365000190099065500270100979700190103685600620105599900170111719824FlNmELB20241216213809.0m o d | cr cnu||||||||180610s2013 mx o 000 0 spa d a9786079460204 (e-book) a(MiAaPQ)EBC5307922 a(Au-PeEL)EBL5307922 a(CaPaEBR)ebr11516741 a(OCoLC)1105922814 aFINmELBbspaerdacFINmELB 4aLC1031bC399 2013 a378.147.1110 a372.12642231 aCepeda Dovala, Jesús Martín.10aEstrategias de enseñanza para el aprendizaje por competencias /cJesús Martín Cepeda Dovala. 1aMéxico, D.F. :bEditorial Digital UNID,c2013. a1 recurso en línea (33 páginas) atextobtxt2rdacontent/spa acomputadorabc2rdamedia/spa arecurso en líneabcr2rdacarrier/spa aDescripción basada en recurso en línea; Título de la página del título en PDF (e-libro, visto July 10, 2018). aRecurso electrónico. Santa Fe, Arg.: e-libro, 2018. Disponible vía World Wide Web. El acceso puede estar limitado para las bibliotecas afiliadas a e-libro. 0aCompetency-based education. 4aEducación. 4aMetodología. 4aLibros electrónicos.2 ae-libro, Corp.40uhttps://elibro.net/ereader/politecnicointernacional/41156 c19824d19824